Audel HVAC fundamentals volume 1 (Record no. 103395)
[ view plain ]
| 000 -LEADER | |
|---|---|
| fixed length control field | 01596cam a2200265 4500 |
| 008 - FIXED-LENGTH DATA ELEMENTS--GENERAL INFORMATION | |
| fixed length control field | 040317n2004 000 0 eng u |
| 020 ## - INTERNATIONAL STANDARD BOOK NUMBER | |
| International Standard Book Number | 0764542060 |
| 035 ## - SYSTEM CONTROL NUMBER | |
| System control number | (Sirsi) u125462 |
| 041 ## - LANGUAGE CODE | |
| Language code of text/sound track or separate title | eng |
| 050 ## - LIBRARY OF CONGRESS CALL NUMBER | |
| Classification number | 697 |
| -- | 18 |
| 100 ## - MAIN ENTRY--PERSONAL NAME | |
| Personal name | Brumbaugh, James |
| 245 ## - TITLE STATEMENT | |
| Title | Audel HVAC fundamentals volume 1 |
| Remainder of title | heating systems, furnaces and boilers |
| 250 ## - EDITION STATEMENT | |
| Edition statement | 4th ed. |
| 260 ## - PUBLICATION, DISTRIBUTION, ETC. | |
| Place of publication, distribution, etc. | Indianapolis |
| -- | Indiana |
| Name of publisher, distributor, etc. | Wiley |
| Date of publication, distribution, etc. | 2004 |
| 300 ## - PHYSICAL DESCRIPTION | |
| Extent | xxi, 698p. |
| Other physical details | ill. |
| Dimensions | 21cm. |
| 350 ## - PRICE (NR) (BK AM CF MU VM SE) [OBSOLETE] | |
| Price | 12.75 |
| 490 ## - SERIES STATEMENT | |
| Series statement | Audel HVAC Library |
| 520 ## - SUMMARY, ETC. | |
| Summary, etc. | Aimed at both practitioners and the layman, this American book introduces the fundamentals of installing, servicing, troubleshooting and repairing the various types of equipment used in residential and light-commercial heating. Covers: heating fundamentals; insulating and ventilating structures; sizing residential heating and air conditioning systems; heating fuels; warm-air heating systems; hydronic heating systems; steam heating systems; electric heating systems; furnace fundamentals; gas furnaces; oil furnaces; coal furnaces, wood furnaces and multi-fuel furnaces; electric furnaces; steam and hot-water space heating boilers; and boiler and furnace conversion. Appendices provide listings of trade associations and manufacturers; data and conversion tables; and educating, training, certification and licensing information. Volume two is available to borrow separately (ISBN 0764542079). |
| 650 ## - SUBJECT ADDED ENTRY--TOPICAL TERM | |
| Topical term or geographic name entry element | BOILERS |
| 650 ## - SUBJECT ADDED ENTRY--TOPICAL TERM | |
| Topical term or geographic name entry element | HEATING SYSTEMS |
| 650 ## - SUBJECT ADDED ENTRY--TOPICAL TERM | |
| Topical term or geographic name entry element | HVAC ENGINEERING |
| 650 ## - SUBJECT ADDED ENTRY--TOPICAL TERM | |
| Topical term or geographic name entry element | UNITED STATES |
| 690 ## - LOCAL SUBJECT ADDED ENTRY--TOPICAL TERM (OCLC, RLIN) | |
| Topical term or geographic name as entry element | Block management |
| 9 (RLIN) | 6220 |
| 942 ## - ADDED ENTRY ELEMENTS (KOHA) | |
| Suppress in OPAC | 0 |
| Withdrawn status | Lost status | Source of classification or shelving scheme | Damaged status | Not for loan | Home library | Current library | Shelving location | Date acquired | Cost, normal purchase price | Total Checkouts | Full call number | Barcode | Date last seen | Date last checked out | Copy number | Cost, replacement price | Price effective from | Koha item type |
|---|---|---|---|---|---|---|---|---|---|---|---|---|---|---|---|---|---|---|
| Dewey Decimal Classification | London | London | Books | 24/03/2004 | 12.25 | 2 | 697 BRU | 30068827 | 06/08/2019 | 04/08/2004 | 1 | 12.25 | 06/08/2019 | Book |